| 000 | 00000nam 2200000zi 4500 |
| 001 | 9.946105 |
| 003 | CaOODSP |
| 005 | 20250121091740 |
| 006 | m o d f |
| 007 | cr |n||||||||| |
| 008 | 241212t19721971onc obi f|0| 0 fre d |
| 040 | |aCaOODSP|bfre|erda|cCaOODSP |
| 043 | |an-cn--- |
| 086 | 1 |aNR24-71/1972F-PDF |
| 245 | 00|aCode canadien de sécurité en construction 1970. |
| 250 | |aPremière impression - 1972. |
| 264 | 1|aOttawa : |bComité Associé sur le Code national du bâtiment, Conseil national de recherches du Canada, |c[1972] |
| 264 | 4|c©1971 |
| 300 | |a1 ressource en ligne (45 pages) |
| 336 | |atexte|btxt|2rdacontent/fre |
| 337 | |ainformatique|bc|2rdamedia/fre |
| 338 | |aressource en ligne|bcr|2rdacarrier/fre |
| 500 | |aPublié aussi en anglais sous le titre : Canadian Code for Construction Safety 1970. |
| 500 | |aÉdition numérisée de l’imprimé [par Conseil national de recherches Canada]. |
| 500 | |a« NRCC No. 11560F. » |
| 504 | |aComprend des références bibliographiques et un index. |
| 650 | 6|aConstruction|xDroit|zCanada|vCodes. |
| 650 | 6|aConstruction|xIndustrie|xSécurité|xRèglements|zCanada. |
| 710 | 2 |aConseil national de recherches Canada. |bComité associé sur le Code national du bâtiment, |eorganisme de publication. |
| 775 | 08|tCanadian Code for Construction Safety 1970.|w(CaOODSP)9.895122 |
| 794 | |tCode canadien de la sécurité sur les chantiers de construction 1977.|bÉdition 1977|w(CaOODSP)9.946114 |
| 856 | 40|qPDF|s2.71 Mo|uhttps://publications.gc.ca/collections/collection_2024/cnrc-nrc/NR24-71-1972-fra.pdf |